The Oxford international encyclopedia of peace. (Record no. 30647)

MARC details
000 -LEADER
fixed length control field 01212nam a2200229 a 4500
008 - FIXED-LENGTH DATA ELEMENTS--GENERAL INFORMATION
fixed length control field 120928s2010 ||||||||||||||||| || u
020 ## - INTERNATIONAL STANDARD BOOK NUMBER
International Standard Book Number 978-0-19-533-468-5
050 ## - LIBRARY OF CONGRESS CALL NUMBER
Classification number JZ 5533 Oxf
100 ## - MAIN ENTRY--PERSONAL NAME
Personal name Young, Nigel J
245 14 - TITLE STATEMENT
Title The Oxford international encyclopedia of peace.
Statement of responsibility, etc. edited by Nigel J. Young
260 ## - PUBLICATION, DISTRIBUTION, ETC.
Place of publication, distribution, etc. Oxford:
Name of publisher, distributor, etc. Oxford University Press
Date of publication, distribution, etc. 2010
300 ## - PHYSICAL DESCRIPTION
Extent 4vols.
500 ## - GENERAL NOTE
General note Includes volume 1 to 4
650 ## - SUBJECT ADDED ENTRY--TOPICAL TERM
Topical term or geographic name entry element PEACE--ENCYCLOPEDIAS
650 ## - SUBJECT ADDED ENTRY--TOPICAL TERM
Topical term or geographic name entry element PEACE--STUDY AND TEACHING--ENCYCLOPEDIAS
650 ## - SUBJECT ADDED ENTRY--TOPICAL TERM
Topical term or geographic name entry element WARAND SOCIETY--ENCYCLOPEDIAS
650 ## - SUBJECT ADDED ENTRY--TOPICAL TERM
Topical term or geographic name entry element WAR--ENCYCLOPEDIAS
995 ## - RECOMMENDATION 995 [LOCAL, UNIMARC FRANCE]
-- CBU-DAG HAMMARSKJOLD INSTITUTE LIBRARY
-- v.4
-- REFERENCE
-- Nov 15, 2012
-- Reference Collection
995 ## - RECOMMENDATION 995 [LOCAL, UNIMARC FRANCE]
-- CBU-DAG HAMMARSKJOLD INSTITUTE LIBRARY
-- V.2
-- REFERENCE
-- Nov 15, 2012
-- Reference Collection
995 ## - RECOMMENDATION 995 [LOCAL, UNIMARC FRANCE]
-- CBU-DAG HAMMARSKJOLD INSTITUTE LIBRARY
-- v.3
-- REFERENCE
-- Nov 15, 2012
-- Reference Collection
995 ## - RECOMMENDATION 995 [LOCAL, UNIMARC FRANCE]
-- CBU-DAG HAMMARSKJOLD INSTITUTE LIBRARY
-- v.1
-- REFERENCE
-- Nov 15, 2012
-- Reference Collection
Holdings
Withdrawn status Lost status Source of classification or shelving scheme Damaged status Not for loan Home library Current library Shelving location Date acquired Total Checkouts Full call number Barcode Date last seen Price effective from Koha item type
          CBU-DAG HAMMARSKJOLD INSTITUTE CBU-DAG HAMMARSKJOLD INSTITUTE   11/29/2022   JZ 5533 Oxf 500172 11/29/2022 11/29/2022 MONOGRAPH
          CBU-DAG HAMMARSKJOLD INSTITUTE CBU-DAG HAMMARSKJOLD INSTITUTE   11/29/2022   JZ 5533 Oxf 500171 11/29/2022 11/29/2022 MONOGRAPH
          CBU-DAG HAMMARSKJOLD INSTITUTE CBU-DAG HAMMARSKJOLD INSTITUTE   11/29/2022   JZ 5533 Oxf 500173 11/29/2022 11/29/2022 MONOGRAPH
          CBU-DAG HAMMARSKJOLD INSTITUTE CBU-DAG HAMMARSKJOLD INSTITUTE   11/29/2022   JZ 5533 Oxf 500170 11/29/2022 11/29/2022 MONOGRAPH